01223cam a22003373a 450000100090000000300040000900500170001300800410003001000170007102000200008803500230010804000300013105000230016108200180018410000260020224500730022824600170030126000370031830000210035544000370037665000110041365500360042470000280046071000670048883000270055590600450058294200160062799900170064395201130066095201120077316413039OSt20140310182231.0990303s1999 nyu j 000 1 eng d a 99611588  a0553486047 pbk. a(OCoLC)ocm40897108 aAPLcAPLdSLCdOCLCQdDLC aPZ 7b.P278s2 1999 aFICbSu9svj#21 aSuzanne, Jamie.9445510aOne 2 many /cwritten by Jamie Suzanne ; created by Francine Pascal.16aOne two many aNew York :bBantam Books,c1999. a138 p. ;c20 cm. aSweet Valley Jr. highn#2918170 0aTwins. 7aChildren's stories.2lcsh930121 aPascal, Francine.937672 aCopyright Paperback Collection (Library of Congress)5DLC9705 0aSweet Valley Jr. High. a7bcbcccopycatd2encipf19gy-genrareb 2lcccBK-FIC c10914d10914 00102lcc40aLUXbLUXcFICd2013-09-11l0oPZ 7 .P278s2 1999p12964r2013-09-11 00:00:00t1w2013-10-03yBK 00102lcc40aLUXbLUXcFICd2013-09-11l0oPZ 7 .P278s2 1999p1060r2015-08-10 00:00:00t1w2013-09-11yBK